ბათუმის შოთა რუსთაველის სახელმწიფო უნივერსიტეტის ბიბლიოთეკა

მათემატიკური ანალიზის კურსი. ნ.1. (ბიბ.ჩანაწერი № 35877)

000 -LEADER
fixed length control field 00729nam a2200217Ia 4500
001 - CONTROL NUMBER
control field 1768
003 - CONTROL NUMBER IDENTIFIER
control field GE_BSU
008 - FIXED-LENGTH DATA ELEMENTS--GENERAL INFORMATION
fixed length control field 181216s||||||||xx |||||||||||||| ||und||
040 ## - CATALOGING SOURCE
Transcribing agency GE_BSU
080 ## - UNIVERSAL DECIMAL CLASSIFICATION NUMBER
Universal Decimal Classification number 517(075.8)
100 ## - MAIN ENTRY--PERSONAL NAME
Personal name ვაშაკიძე,.რ.
245 ## - TITLE STATEMENT
Title მათემატიკური ანალიზის კურსი. ნ.1.
245 ## - TITLE STATEMENT
Remainder of title სახელმძღვნელო პედაგოგ. ინ–ტებისათვის
260 ## - PUBLICATION, DISTRIBUTION, ETC.
Place of publication, distribution, etc. თბილისი
260 ## - PUBLICATION, DISTRIBUTION, ETC.
Name of publisher, distributor, etc. ცოდნა
260 ## - PUBLICATION, DISTRIBUTION, ETC.
Date of publication, distribution, etc. 1961
300 ## - PHYSICAL DESCRIPTION
Extent 438 გვ. 22 სმ.
653 ## - INDEX TERM--UNCONTROLLED
Uncontrolled term მათემატიკური ანალიზია კურსი
942 ## - ADDED ENTRY ELEMENTS (KOHA)
Koha item type წიგნი
ეგზემპლარები
Withdrawn status Lost status Damaged status Not for loan Date acquired Barcode Date last seen Price effective from Koha item type Public note
        2018-12-17 3576 2018-12-17 2018-12-17 წიგნი დარბაზი